[Event "XXV OOM - Mistrzostwa Polski Juniorow Mlodszych - Chlopcy do lat 12"]
[Site "Sielpia"]
[Date "1899-12-30"]
[Round "6.19"]
[White "Kozera, Dawid"]
[Black "Wiszniewski, Szymon"]
[Result "1-0"]
[WhiteTitle "II"]
[BlackTitle "II+"]
[WhiteElo "1280"]
[BlackElo "1445"]

1. e4 c5 2. Nf3 Nc6 3. d4 cxd4 4. Nxd4 Nf6 5. Nc3 e5 6. Ndb5 d6 7. Bg5 a6 8. Na3
b5 9. Nd5 Be7 10. Bxf6 Bxf6 11. c3 Bg5 12. Nc2 Rb8 13. Be2 O-O 14. Nce3 Be6 15.
O-O a5 16. a3 a4 17. Qd3 Bxe3 18. Nxe3 Qc7 19. Rfd1 Rfd8 20. Nd5 Bxd5 21. Qxd5
Qb6 22. Rd2 Na5 23. Rad1 Nb3 24. Rd3 Kf8 25. Rh3 h6 26. Bh5 Qb7 27. Bxf7 Qxd5
28. Bxd5 Ke7 29. Rg3 g5 30. Bxb3 axb3 31. Rh3 Rh8 32. Rhd3 Rb6 33. f3 Ra8 34.
Kf2 Rf8 35. Kg3 Rf4 36. Rc1 g4 37. Rg1 Rb8 38. Kf2 Rbf8 39. Re3 Kd7 40. h3 h5
41. hxg4 hxg4 42. Rh1 Kc6 43. Rh6 Kc7 44. Rg6 d5 45. Ke2 dxe4 46. Rxg4 Rxg4 47.
fxg4 Rf4 48. Rg3 Kd7 49. g5 Ke7 50. g6 Kf8 51. Rg5 e3 52. Rxe5 Rf2+ 53. Kxe3 Rxb2
54. Rxb5 Rb1 55. Kd2 Kg7 56. Rb6 Rb2+ 57. Kc1 Rc2+ 58. Kb1 Rxc3 59. Kb2 Rg3 60.
a4 Rxg2+ 61. Kxb3 Rg1 62. Kc4 Rg5 63. Kb4 Rg4+ 64. Kb5 Rg5+ 65. Ka6 Rg4 66. a5
Ra4 67. Rc6 Rb4 68. Ka7 Kf8 69. Rc7 Ke8 70. g7 Rg4 71. Rc8+ Kd7 1-0

[Event "XXV OOM - Mistrzostwa Polski Juniorow Mlodszych - Chlopcy do lat 12"]
[Site "Sielpia"]
[Date "1899-12-30"]
[Round "6.20"]
[White "Jarocki, Gabriel"]
[Black "Kolendo, Kajetan"]
[Result "1-0"]
[WhiteTitle "II"]
[BlackTitle "II"]
[WhiteElo "1434"]
[BlackElo "1197"]

1. e4 e6 2. d4 d5 3. e5 c5 4. c3 Nc6 5. Nf3 Qb6 6. a3 c4 7. Qc2 f6 8. Bf4 fxe5
9. Nxe5 Nxe5 10. Bxe5 Ne7 11. Be2 Nc6 12. Bh5+ Kd8 13. f4 Nxe5 14. fxe5 g6 15.
Bf3 Bg7 16. O-O Bxe5 17. Qf2 Bg7 18. Qh4+ Ke8 19. Rf2 Qd8 20. Qg3 Rf8 21. Nd2
Rf6 22. Re1 Kf7 23. b3 cxb3 24. Nxb3 Kg8 25. Nc5 b6 26. Nd3 Bb7 27. Bg4 Bc8 28.
Qh4 Bd7 29. Rxf6 Bxf6 30. Qh3 Qe7 31. Bxe6+ Bxe6 32. Qxe6+ Qf7 33. Qc6 Rd8 34.
Rf1 Kg7 35. Nf4 Rd7 36. Ne6+ Kg8 37. Qc8+ 1-0

[Event "XXV OOM - Mistrzostwa Polski Juniorow Mlodszych - Chlopcy do lat 12"]
[Site "Sielpia"]
[Date "1899-12-30"]
[Round "6.21"]
[White "Paszkowski, Krystian"]
[Black "Jaskiewicz, Kacper"]
[Result "0-1"]
[WhiteTitle "I"]
[BlackTitle "II"]
[WhiteElo "1727"]
[BlackElo "1372"]

1. d4 d5 2. Nf3 Nf6 3. c4 e6 4. e3 Nbd7 5. b3 c6 6. Bb2 Be7 7. Bd3 O-O 8. O-O b6
9. Nc3 Bb7 10. Qe2 Rc8 11. Rac1 Rc7 12. Rfd1 Qb8 13. e4 dxe4 14. Nxe4 Nxe4 15.
Bxe4 Rd8 16. Ne5 Nxe5 17. dxe5 c5 18. f4 Rcd7 19. Rxd7 Rxd7 20. Bc2 Qd8 21. Bc3
g6 22. Rf1 Qc8 23. Qg4 h5 24. Qg3 Kf8 25. Bxg6 fxg6 26. Qxg6 Bh4 27. Qxe6 Rg7
28. Qxc8+ Bxc8 29. e6 Rg8 30. f5 Bb7 31. g3 Bxg3 32. hxg3 Rxg3+ 33. Kh2 Rxc3 34.
Rf2 Rf3 35. Rd2 Bc6 36. Rd6 Be8 37. Rd5 h4 38. Kg2 Rf4 39. Re5 Ke7 40. Kh3 Bc6
41. a3 Re4 42. f6+ Kxf6 43. Rh5 Kxe6 44. Rh6+ Kd7 45. Rh7+ Re7 46. Rxh4 Kc7 47.
Kh2 Re3 48. Rh7+ Bd7 49. b4 Rxa3 50. bxc5 bxc5 51. Rh5 Rh3+ 0-1

[Event "XXV OOM - Mistrzostwa Polski Juniorow Mlodszych - Chlopcy do lat 12"]
[Site "Sielpia"]
[Date "1899-12-30"]
[Round "6.22"]
[White "Skrzypinski, Jan"]
[Black "Maslanka, Wojciech"]
[Result "1-0"]
[WhiteTitle "II+"]
[BlackTitle "I"]
[WhiteElo "1365"]
[BlackElo "1541"]

1. e4 Nf6 2. e5 Nd5 3. d4 d6 4. Nf3 Bg4 5. Be2 e6 6. O-O Be7 7. c4 Nb6 8. Be3 Nc6
9. exd6 cxd6 10. Qc2 O-O 11. a3 Bf6 12. Rd1 Rc8 13. Nbd2 d5 14. c5 Nd7 15. b4
a6 16. Nb3 Bxf3 17. Bxf3 Bg5 18. Qd2 Bxe3 19. Qxe3 Nf6 20. Nc1 Ne7 21. Ne2 Qc7
22. Ng3 Rfe8 23. Re1 Ng6 24. Qd2 Re7 25. Re3 Rce8 26. Rae1 Qf4 27. Qd3 Kf8 28.
h3 e5 29. dxe5 Nxe5 30. Qf5 Nxf3+ 31. gxf3 Rxe3 32. Rxe3 Qxf5 33. Nxf5 Rxe3 34.
fxe3 Ne8 35. e4 dxe4 36. fxe4 g6 37. Ng3 Ke7 38. Kf2 Ke6 39. Ke3 Ke5 40. Nf1 f5
41. exf5 Kxf5 42. Nd2 Nc7 43. Kf3 Ke5 44. Nc4+ Kd5 45. Nd6 Kc6 46. Ke4 Nb5 47.
Nc4 Kd7 48. Ke5 Ke7 49. a4 Nc3 50. Nb6 h6 51. Nd5+ Nxd5 52. Kxd5 h5 53. h4 Kd7
54. b5 a5 55. Ke5 Ke7 56. Kf4 Ke6 57. Ke4 Kd7 58. Kd5 Ke7 59. Ke5 Kf7 60. c6 bxc6
61. b6 g5 1-0

[Event "XXV OOM - Mistrzostwa Polski Juniorow Mlodszych - Chlopcy do lat 12"]
[Site "Sielpia"]
[Date "1899-12-30"]
[Round "6.23"]
[White "Ptaszynski, Szymon"]
[Black "Krol, Jan"]
[Result "1-0"]
[WhiteTitle "II"]
[BlackTitle "II+"]
[WhiteElo "1444"]
[BlackElo "1405"]

1. c4 e5 2. g3 g6 3. Bg2 Nc6 4. Nc3 d6 5. d3 Bg7 6. e4 Be6 7. Nge2 Nge7 8. Nd5
h6 9. Be3 O-O 10. O-O f5 11. f4 Kh7 12. Qd2 Rb8 13. Rab1 Nd4 14. b3 c5 15. h3
Qd7 16. Kh2 Nec6 17. Nec3 a6 18. Rbc1 b5 19. Ne2 b4 20. Nxd4 Nxd4 21. Rf2 Bxd5
22. cxd5 exf4 23. gxf4 Qe7 24. Rff1 Rbe8 25. Rce1 Qf6 26. Qc1 Nb5 27. Kh1 Rc8
28. Bg1 Qc3 29. Qxc3 Nxc3 30. e5 Rcd8 31. e6 Rfe8 32. Rf2 a5 33. Rc2 Ra8 34. Bxc5
Ra6 35. d4 dxc5 36. dxc5 Bf8 37. Bf1 Ra7 38. d6 Raa8 39. Bg2 Ne4 40. Bxe4 Rxe6
41. Bxa8 Rxe1+ 42. Kg2 Re8 43. Bd5 Rd8 44. Rd2 Kg7 45. Bc4 Kf6 46. Kf3 g5 47.
fxg5+ hxg5 48. Rd3 Ke5 49. Rd5+ Ke6 50. Rd1+ Ke5 51. Rd5+ Ke6 52. Rd2+ Ke5 53.
d7 Bh6 54. Rd5+ Kf6 55. Rd6+ Ke7 56. Rxh6 Rxd7 57. Bb5 Rd2 58. c6 Rc2 59. Bc4
g4+ 60. hxg4 fxg4+ 61. Kxg4 Rg2+ 62. Kf4 Kd8 63. Rh7 Rg6 64. Bd5 Kc8 65. Ke5 a4
66. Be6+ Rxe6+ 67. Kxe6 1-0

[Event "XXV OOM - Mistrzostwa Polski Juniorow Mlodszych - Chlopcy do lat 12"]
[Site "Sielpia"]
[Date "1899-12-30"]
[Round "6.24"]
[White "Zieba, Hubert"]
[Black "Wydmanski, Szymon"]
[Result "0-1"]
[WhiteTitle "I"]
[BlackTitle "II"]
[WhiteElo "1419"]
[BlackElo "1319"]

1. c4 e6 2. g3 d5 3. Bg2 Nf6 4. Nf3 dxc4 5. Na3 Bxa3 6. bxa3 c3 7. d3 c5 8. O-O
Qa5 9. Ne5 Qc7 10. Nc4 Nc6 11. Bg5 Nd5 12. e4 Nb6 13. Nxb6 axb6 14. f4 Nd4 15.
Re1 c2 16. Qc1 c4 17. dxc4 Qc5 18. Kh1 Qxc4 19. f5 Ne2 20. Qd2 Nd4 21. Bf1 Qc5
22. Bb5+ Kf8 23. f6 h6 24. Be3 e5 25. fxg7+ Kxg7 26. Bxd4 Qxd4 27. Qxc2 Bg4 28.
Qb3 Rac8 29. Qb4 Bf3# 0-1

[Event "XXV OOM - Mistrzostwa Polski Juniorow Mlodszych - Chlopcy do lat 12"]
[Site "Sielpia"]
[Date "1899-12-30"]
[Round "6.25"]
[White "Krasniewski, Maciej"]
[Black "Zalega, Maciej"]
[Result "1-0"]
[WhiteTitle "I"]
[BlackTitle "II+"]
[WhiteElo "1537"]
[BlackElo "1538"]

1. e4 c5 2. Nf3 d6 3. d4 cxd4 4. Nxd4 Nf6 5. Nc3 Nc6 6. Bc4 e6 7. Be3 a6 8. Qe2
Be7 9. O-O-O Nxd4 10. Bxd4 b5 11. Bb3 Bb7 12. e5 dxe5 13. Bxe5 Qa5 14. Rhg1 b4
15. Nb1 O-O 16. Nd2 Bd5 17. Kb1 Qc5 18. Nf3 Bxf3 19. gxf3 Rfd8 20. Qe3 Nh5 21.
Bd4 Qf5 22. Bc4 g6 23. Bd3 Qf4 24. Be4 Qxe3 25. fxe3 Rab8 26. Be5 Rb5 27. Rxd8+
Bxd8 28. Bd6 a5 29. Rd1 Bb6 30. Rd3 Rg5 31. a3 Bc5 32. Bxc5 Rxc5 33. axb4 axb4
34. Rb3 Rg5 35. Rxb4 Nf6 36. Bd3 Rg1+ 37. Ka2 Rh1 38. c4 Rxh2 39. c5 Rd2 40. Rd4
Kf8 41. c6 Ne8 42. Kb3 h5 43. Kc3 Rd1 44. Kc2 Ra1 45. b4 Ra8 46. b5 Rb8 47. Rd7
h4 48. Rd4 Nc7 49. Rxh4 Rb6 50. Kb3 Ke7 51. Rd4 Na6 52. Kc4 Nb8 53. c7 Nd7 54.
c8=Q Ne5+ 55. Kc3 Kf6 56. Qd8+ Kg7 57. Qxb6 Kf6 58. Qc5 Nxf3 59. Rf4+ Kg7 60.
Rxf3 e5 61. Qxe5+ Kg8 62. Qf6 g5 63. Qxf7+ Kh8 64. Qh7# 1-0

[Event "XXV OOM - Mistrzostwa Polski Juniorow Mlodszych - Chlopcy do lat 12"]
[Site "Sielpia"]
[Date "1899-12-30"]
[Round "6.26"]
[White "Baszczynski, Gabriel"]
[Black "Iwaszkiewicz, Grzegorz"]
[Result "1-0"]
[WhiteTitle "II+"]
[BlackTitle "II"]
[WhiteElo "1501"]
[BlackElo "1403"]

1. d4 d5 2. Nf3 Nf6 3. e3 Bf5 4. Bd3 Bxd3 5. Qxd3 Nbd7 6. O-O e6 7. Nbd2 Be7 8.
b3 O-O 9. Bb2 a6 10. Ne5 c6 11. c4 Rc8 12. Rac1 dxc4 13. Qxc4 Nxe5 14. dxe5 Qxd2
15. exf6 Qxb2 16. fxe7 Rfe8 17. Qb4 Rc7 18. Rcd1 Rcxe7 19. Qxe7 Rf8 20. Rd8 h6
21. Rxf8+ Kh7 22. Rxf7 1-0

[Event "XXV OOM - Mistrzostwa Polski Juniorow Mlodszych - Chlopcy do lat 12"]
[Site "Sielpia"]
[Date "1899-12-30"]
[Round "7.1"]
[White "Herwy, Jakub"]
[Black "Fiszer, Bartosz"]
[Result "0-1"]
[WhiteTitle "I+"]
[BlackTitle "CM"]
[WhiteElo "1713"]
[BlackElo "2119"]

1. e4 c5 2. c4 Nc6 3. Nc3 g6 4. g3 Bg7 5. Bg2 d6 6. Nge2 Nf6 7. O-O O-O 8. f4 a6
9. d3 Rb8 10. h3 Ne8 11. f5 b5 12. g4 Ne5 13. cxb5 axb5 14. d4 cxd4 15. Nxd4 Nc7
16. Kh1 b4 17. Nd5 Nxd5 18. exd5 Ba6 19. Ne2 Nd3 20. Qd2 Qb6 21. Ng3 Qd4 22. Rb1
Nxc1 23. Qxd4 Bxd4 24. Rd1 Be5 25. Ne4 Nxa2 26. Ra1 b3 27. Nc3 Nxc3 28. bxc3 b2
29. Rab1 Bc4 0-1

[Event "XXV OOM - Mistrzostwa Polski Juniorow Mlodszych - Chlopcy do lat 12"]
[Site "Sielpia"]
[Date "1899-12-30"]
[Round "7.2"]
[White "Seemann, Jakub"]
[Black "Madej, Marek"]
[Result "1-0"]
[WhiteTitle "I"]
[BlackTitle "I"]
[WhiteElo "2012"]
[BlackElo "1847"]

1. e4 c5 2. Nf3 e6 3. d4 cxd4 4. Nxd4 Nc6 5. Nc3 d6 6. Nxc6 bxc6 7. Bd3 e5 8. O-O
g6 9. Kh1 Bg7 10. f4 Ne7 11. fxe5 dxe5 12. Bc4 f5 13. Qf3 f4 14. b3 Qa5 15. Na4
Ba6 16. Bxa6 Qxa6 17. Ba3 Bf6 18. Rfd1 Kf7 19. Rd7 Rad8 20. Rad1 Rxd7 21. Rxd7
h5 22. Qd1 g5 23. Bc5 g4 24. Rxa7 Qc8 25. Rd7 Re8 26. Nb6 Qa6 27. Nc4 Kg8 28.
Qd6 Bh4 29. Qe6+ Kf8 30. Nxe5 Qf1+ 31. Bg1 1-0

[Event "XXV OOM - Mistrzostwa Polski Juniorow Mlodszych - Chlopcy do lat 12"]
[Site "Sielpia"]
[Date "1899-12-30"]
[Round "7.3"]
[White "Malek, Jan"]
[Black "Klimkowski, Jan"]
[Result "0-1"]
[WhiteTitle "II"]
[BlackTitle "I"]
[WhiteElo "1502"]
[BlackElo "2024"]

1. e4 c5 2. c3 d5 3. exd5 Qxd5 4. d4 Nc6 5. Nf3 Bf5 6. Na3 cxd4 7. Nb5 O-O-O 8.
cxd4 e5 9. Nc3 Qa5 10. d5 Nb4 11. Be3 Nc2+ 12. Qxc2 Bxc2 13. Rc1 Bg6 14. Bd2 Kb8
15. a3 Qb6 16. Na4 Qd6 0-1

[Event "XXV OOM - Mistrzostwa Polski Juniorow Mlodszych - Chlopcy do lat 12"]
[Site "Sielpia"]
[Date "1899-12-30"]
[Round "7.4"]
[White "Kutowski, Marcel"]
[Black "Meers, Hubert"]
[Result "0-1"]
[WhiteTitle "I"]
[BlackTitle "I++"]
[WhiteElo "1604"]
[BlackElo "2022"]

1. e4 g6 2. d4 Bg7 3. Be3 c6 4. c3 d5 5. e5 Nh6 6. Be2 Nf5 7. Nf3 Nd7 8. Qd2 Nf8
9. O-O h5 10. b4 Ne6 11. Bd3 Nxe3 12. fxe3 Bh6 13. Qf2 Rf8 14. Nbd2 a5 15. b5
c5 16. c4 cxd4 17. exd4 Nf4 18. Ne1 Nxd3 19. Nxd3 dxc4 20. Nxc4 Be6 21. Ncb2 Qb6
22. a4 f6 23. Nc5 Bd5 24. Qg3 Kf7 25. exf6 exf6 26. Rf2 Rad8 27. Nbd3 Kg7 28.
Raf1 Qd6 29. Nf4 Bxf4 30. Rxf4 b6 31. Ne4 Bxe4 32. Rxe4 Qxg3 33. hxg3 Rd6 34.
Re7+ Rf7 35. Rxf7+ Kxf7 36. Rd1 Ke6 37. Kf2 Kd5 38. Ke3 Re6+ 39. Kd3 Re4 40. Kc3
Re3+ 41. Rd3 Re2 42. Rf3 f5 43. Kd3 Rxg2 44. Re3 Ra2 45. Re8 Ra3+ 46. Ke2 Rxa4
47. Rb8 Rxd4 48. Rxb6 Rg4 49. Ra6 a4 50. Kf3 Kc5 51. b6 Kc6 52. Kf2 Kb7 53. Ra7+
Kxb6 54. Rg7 a3 0-1

[Event "XXV OOM - Mistrzostwa Polski Juniorow Mlodszych - Chlopcy do lat 12"]
[Site "Sielpia"]
[Date "1899-12-30"]
[Round "7.5"]
[White "Krawczyk, Flawian"]
[Black "Pancewicz, Szymon"]
[Result "1-0"]
[WhiteTitle "II"]
[BlackTitle "I"]
[WhiteElo "1800"]
[BlackElo "1605"]

1. e4 c5 2. Nf3 e6 3. d4 cxd4 4. Nxd4 Nf6 5. Nc3 Nc6 6. a3 d5 7. Bb5 Bd7 8. exd5
exd5 9. O-O Be7 10. Bg5 O-O 11. Re1 Rc8 12. Qd3 Nxd4 13. Bxd7 Qxd7 14. Qxd4 Rc4
15. Qd3 Rfc8 16. Bxf6 Bxf6 17. Nxd5 Rd4 18. Nxf6+ gxf6 19. Qg3+ Rg4 20. Qf3 Rxc2
21. Qxf6 Rg6 22. Qf3 Rxb2 23. Rac1 Rd2 24. Rc4 Qd5 25. Re8+ Kg7 26. Qc3+ f6 27.
Rc7+ Kh6 28. Qh3+ Kg5 29. f4+ Kxf4 30. g3+ Kf3 31. Qf1+ Kg4 32. Qf4+ Kh3 33. Qh4#
1-0

[Event "XXV OOM - Mistrzostwa Polski Juniorow Mlodszych - Chlopcy do lat 12"]
[Site "Sielpia"]
[Date "1899-12-30"]
[Round "7.6"]
[White "Starosciak, Szymon"]
[Black "Wiatrowski, Zbigniew"]
[Result "1/2-1/2"]
[WhiteTitle "II+"]
[BlackTitle "I"]
[WhiteElo "1661"]
[BlackElo "1597"]

1. e4 c5 2. Nf3 e6 3. d4 cxd4 4. Nxd4 Nf6 5. Nc3 Nc6 6. Nxc6 bxc6 7. e5 Nd5 8.
Ne4 Qc7 9. f4 Qb6 10. c4 Ne3 11. Qd3 Bb4+ 12. Bd2 Ba6 13. b3 h6 14. Ke2 Nf5 15.
Bxb4 Qxb4 16. g4 Ne7 17. Nd6+ Kf8 18. Qd2 Qxd2+ 19. Kxd2 f5 20. gxf5 Nxf5 21.
Nxf5 exf5 22. h4 c5 23. Kc3 Bb7 24. Rh3 g6 25. Rd1 Ke7 26. Rg3 Rhg8 27. Rd6 g5
28. hxg5 hxg5 29. Rxg5 Rxg5 30. fxg5 Rg8 31. g6 Rg7 32. Bh3 Be4 33. Rf6 f4 34.
Rf7+ Rxf7 35. gxf7 Kxf7 36. Bxd7 f3 37. Bh3 f2 38. a3 Bf5 39. Bf1 a5 40. b4 axb4+
41. axb4 cxb4+ 42. Kxb4 Ke6 1/2-1/2

[Event "XXV OOM - Mistrzostwa Polski Juniorow Mlodszych - Chlopcy do lat 12"]
[Site "Sielpia"]
[Date "1899-12-30"]
[Round "7.7"]
[White "Karwacki, Piotr"]
[Black "Grzadka, Artur"]
[Result "1-0"]
[WhiteTitle "I"]
[BlackTitle "I"]
[WhiteElo "1813"]
[BlackElo "1585"]

1. e4 d6 2. d4 Nf6 3. Nc3 e5 4. Nf3 Nbd7 5. Bc4 Be7 6. h3 O-O 7. Be3 c6 8. a4 a5
9. Ba2 Qc7 10. g4 Nb6 11. g5 Nfd7 12. h4 exd4 13. Qxd4 c5 14. Qd2 Ne5 15. Nxe5
dxe5 16. h5 Be6 17. Nd5 Bxd5 18. exd5 Bd6 19. g6 Nxa4 20. c4 f5 21. Qd1 Nb6 22.
h6 f4 23. Bd2 hxg6 24. Qg4 Qf7 25. Bb1 e4 26. hxg7 Kxg7 27. Bc3+ 1-0

[Event "XXV OOM - Mistrzostwa Polski Juniorow Mlodszych - Chlopcy do lat 12"]
[Site "Sielpia"]
[Date "1899-12-30"]
[Round "7.8"]
[White "Miler, Franciszek"]
[Black "Trzebinski, Patryk"]
[Result "0-1"]
[WhiteTitle "II"]
[BlackTitle "I"]
[WhiteElo "1431"]
[BlackElo "1793"]

1. e4 d5 2. exd5 Nf6 3. Bb5+ Bd7 4. Be2 Nxd5 5. d4 Bf5 6. Nf3 e6 7. a3 Be7 8. O-O
O-O 9. c4 Nb6 10. Nc3 Nc6 11. Be3 Bf6 12. h3 h6 13. b4 Qe8 14. b5 Ne7 15. a4 Rd8
16. a5 Nbc8 17. Qb3 Nd6 18. a6 b6 19. c5 bxc5 20. dxc5 Ne4 21. Rac1 Nxc3 22. Rxc3
Bxc3 23. Qxc3 Nd5 24. Qa5 Nxe3 25. fxe3 Qe7 26. Rc1 Bd3 27. Bxd3 Rxd3 28. Ne5
Rd5 29. Qc3 Qh4 30. Nc6 Rg5 31. Kh1 Qf2 32. Qc2 Qxe3 33. Nxa7 Rd8 34. Nc6 Rxg2
35. Kxg2 Rd2+ 36. Qxd2 Qxd2+ 37. Kg3 Qe3+ 38. Kg2 Qxc1 39. a7 Qc2+ 40. Kg3 Qa4
41. Ne7+ Kf8 42. Nc8 Ke8 43. b6 Kd7 44. b7 Qb3+ 45. Kh2 Qxb7 46. c6+ Qxc6 47.
Nb6+ cxb6 0-1

[Event "XXV OOM - Mistrzostwa Polski Juniorow Mlodszych - Chlopcy do lat 12"]
[Site "Sielpia"]
[Date "1899-12-30"]
[Round "7.9"]
[White "Kejna, Piotr"]
[Black "Klim, Filip"]
[Result "1-0"]
[WhiteTitle "CM"]
[BlackTitle "I"]
[WhiteElo "1787"]
[BlackElo "1543"]

1. e4 e5 2. Nf3 Nc6 3. Bc4 Bc5 4. c3 Nf6 5. d4 exd4 6. e5 d5 7. Bb5 Ne4 8. cxd4
Bb4+ 9. Bd2 Bxd2+ 10. Nbxd2 Bg4 11. Qc2 Nxd2 12. Bxc6+ bxc6 13. Nxd2 Qd7 14. Rc1
Rb8 15. Nb3 Rb6 16. O-O O-O 17. Qd2 f6 18. f4 Bf5 19. Rc3 fxe5 20. fxe5 Rf7 21.
Rcf3 Bg6 22. Nc5 Qe7 23. Rxf7 Bxf7 24. e6 Be8 25. b3 Rb8 26. Qa5 Bg6 27. Qxa7
Rf8 28. Rxf8+ Kxf8 29. Qb8+ Be8 30. Nd7+ Kg8 31. Nc5 Kf8 32. Qb4 Kg8 33. Qd2 Qf6
34. a4 Qf5 35. h3 Qf6 36. a5 Qd8 37. a6 Qb8 38. Qf2 Bg6 39. Nd7 Qa8 40. Qf8+ 1-0

[Event "XXV OOM - Mistrzostwa Polski Juniorow Mlodszych - Chlopcy do lat 12"]
[Site "Sielpia"]
[Date "1899-12-30"]
[Round "7.10"]
[White "Karp, Kacper"]
[Black "Grot, Blazej"]
[Result "1/2-1/2"]
[WhiteTitle "II+"]
[BlackTitle "CM"]
[WhiteElo "1571"]
[BlackElo "1604"]

1. e4 c5 2. Nf3 e6 3. d4 cxd4 4. Nxd4 Nf6 5. Nc3 d6 6. Be3 Nbd7 7. Qd2 a6 8. f3
b5 9. g4 Nb6 10. O-O-O Nfd7 11. h4 Bb7 12. h5 Rc8 13. g5 b4 14. Nb1 d5 15. Rg1
g6 16. f4 Nc5 17. Nb3 Nxe4 18. Qd4 Qc7 19. Bd3 Nc4 20. Bxe4 dxe4 21. Rg2 Nxe3
22. Qxe3 Bd6 23. Rf2 Bc5 24. Nxc5 Qxc5 25. Qd2 Bd5 26. Re2 Ke7 27. hxg6 hxg6 28.
a3 a5 29. Qd4 Qxd4 30. Rxd4 Rh1+ 31. Rd1 Rch8 32. axb4 axb4 33. Nd2 Rxd1+ 34.
Kxd1 Rh1+ 35. Re1 Rh4 36. Nxe4 Rxf4 37. Nf6 Rf5 38. Rg1 b3 39. cxb3 Bxb3+ 40.
Kd2 Rc5 41. Ke3 Bd5 42. Kd4 Rb5 43. Kc3 Rc5+ 44. Kd3 Rb5 45. Kc3 Bb7 46. b4 1/2-1/2

[Event "XXV OOM - Mistrzostwa Polski Juniorow Mlodszych - Chlopcy do lat 12"]
[Site "Sielpia"]
[Date "1899-12-30"]
[Round "7.11"]
[White "Musial, Igor"]
[Black "Wierzbicki, Dawid"]
[Result "1-0"]
[WhiteTitle "I"]
[BlackTitle "I"]
[WhiteElo "1602"]
[BlackElo "1500"]

1. e4 c5 2. Nc3 g6 3. f4 Bg7 4. Nf3 Nc6 5. Bb5 Nd4 6. O-O e6 7. d3 Ne7 8. a4 O-O
9. Bc4 b6 10. Nxd4 cxd4 11. Ne2 d5 12. Bb3 dxe4 13. dxe4 Ba6 14. Rf3 Qd7 15. Ng3
Kh8 16. Bd2 f5 17. exf5 exf5 18. c3 Qc6 19. cxd4 Bxd4+ 20. Be3 Bg7 21. Bd4 Rad8
22. Bxg7+ Kxg7 23. Qe1 Qc5+ 24. Qe3 Qxe3+ 25. Rxe3 Nd5 26. Re5 Nxf4 27. Re7+ Kh8
28. Rxa7 Bd3 29. Rb7 Be4 30. Rxb6 Rd2 31. Nxe4 fxe4 32. a5 e3 33. a6 Rf2 34. Bc4
Nd5 35. Re6 Nf4 36. Rxe3 Rxg2+ 37. Kh1 Rc2 38. a7 Ra8 39. b3 Rd2 40. Re7 Nd3 41.
Bxd3 Rxd3 42. Rb7 h5 43. Rb8+ 1-0

[Event "XXV OOM - Mistrzostwa Polski Juniorow Mlodszych - Chlopcy do lat 12"]
[Site "Sielpia"]
[Date "1899-12-30"]
[Round "7.12"]
[White "Nowak, Filip"]
[Black "Jaworski, Tymon"]
[Result "1/2-1/2"]
[WhiteTitle "I"]
[BlackTitle "II+"]
[WhiteElo "1591"]
[BlackElo "1498"]

1. e4 e5 2. Nf3 Nc6 3. Bc4 Bc5 4. c3 Nf6 5. d3 O-O 6. O-O d5 7. exd5 Nxd5 8. b4
Be7 9. Re1 Bf6 10. Qb3 Nb6 11. Nbd2 Nxc4 12. Nxc4 Be6 13. b5 Na5 14. Qb4 Nxc4
15. dxc4 Bg4 16. Ba3 Bxf3 17. Qxf8+ Qxf8 18. Bxf8 Kxf8 19. gxf3 Rd8 20. Rad1 Ke8
21. Rxd8+ Kxd8 22. Kg2 Kd7 23. Rd1+ Ke6 24. Kg3 h6 25. Kg4 g6 26. Rd3 Be7 27.
h4 b6 28. a4 Bd6 29. Rd2 Kf6 30. Ra2 h5+ 31. Kg3 Kf5 32. a5 Ke6 33. axb6 axb6
34. Ra8 Be7 35. Ra7 Bd6 1/2-1/2

[Event "XXV OOM - Mistrzostwa Polski Juniorow Mlodszych - Chlopcy do lat 12"]
[Site "Sielpia"]
[Date "1899-12-30"]
[Round "7.13"]
[White "Jarocki, Gabriel"]
[Black "Janeczko, Jakub"]
[Result "0-1"]
[WhiteTitle "II"]
[BlackTitle "I"]
[WhiteElo "1434"]
[BlackElo "1544"]

1. e4 c5 2. Nc3 a6 3. f4 Nc6 4. Nf3 e6 5. d3 b5 6. g3 Bb7 7. Bg2 d5 8. e5 h5 9.
Ne2 Nh6 10. c3 Be7 11. d4 c4 12. O-O Nf5 13. h3 Qd7 14. g4 hxg4 15. hxg4 Nh4 16.
Nxh4 Bxh4 17. Be3 O-O-O 18. Bf2 Be7 19. Bg3 f6 20. Qd2 Rh7 21. Qc2 Rdh8 22. Kf2
g5 23. fxg5 fxe5 24. g6 Rg7 25. Bxe5 Nxe5 26. dxe5 Rhg8 27. Nf4 Bg5 28. Kg1 Bxf4
29. Rxf4 Rxg6 30. Qe2 Qe7 31. Raf1 Qc5+ 32. R1f2 Kb8 33. Kf1 Bc8 34. Bh3 Rg5 35.
R2f3 Qc7 36. Re3 Qg7 37. Ke1 Bd7 38. Kd1 Qh7 39. Kc1 Qe7 40. Qe1 Be8 41. Qd2 Qc5
42. Re1 a5 43. Qe3 Qxe3+ 44. Rxe3 Kc7 45. Rf6 Kd7 46. Kd2 Ke7 47. Rh6 Bg6 48.
Bf1 Rxg4 49. Bh3 Rg5 50. a3 Rh5 51. Rxh5 Bxh5 52. Bf1 Rg5 53. Ke1 Bg4 54. Kd2
Bf5 55. Re1 Kd7 56. Be2 Kc6 57. Bf1 Be4 58. Ke3 Rxe5 59. Kd2 Rh5 60. Be2 Rh2 61.
Ke3 Rh3+ 62. Kf4 Kd6 63. Bg4 Rh2 64. Re2 Rxe2 65. Bxe2 e5+ 66. Ke3 Kc5 67. Bg4
Bb1 68. Bd1 d4+ 69. cxd4+ exd4+ 70. Kd2 b4 71. Kc1 Be4 72. a4 b3 73. Kd2 Bc6 74.
Be2 Bxa4 75. Bd1 Kb4 76. Be2 c3+ 77. bxc3+ dxc3+ 78. Kc1 b2+ 79. Kb1 Bb3 80. Bb5
a4 81. Bxa4 Bxa4 82. Ka2 Kc4 83. Kb1 Kd3 84. Ka2 Kc2 85. Ka3 b1=Q 86. Kxa4 Kd3
87. Ka5 c2 88. Ka6 c1=R 89. Ka7 Qb5 90. Ka8 Rc8+ 91. Ka7 Rc7+ 92. Ka8 Qb7# 0-1

[Event "XXV OOM - Mistrzostwa Polski Juniorow Mlodszych - Chlopcy do lat 12"]
[Site "Sielpia"]
[Date "1899-12-30"]
[Round "7.14"]
[White "Malinowski, Szymon"]
[Black "Kozera, Dawid"]
[Result "1-0"]
[WhiteTitle "I"]
[BlackTitle "II"]
[WhiteElo "1494"]
[BlackElo "1280"]

1. d4 d5 2. Nf3 Nf6 3. b3 e6 4. Bb2 Be7 5. e3 O-O 6. Bd3 Nbd7 7. O-O c6 8. Nbd2
a6 9. Ne5 Nxe5 10. dxe5 Nd7 11. f4 Qb6 12. Rf3 Bc5 13. Qe1 f5 14. a3 Rf7 15. Kh1
Nf8 16. b4 Be7 17. Nb3 Ng6 18. Bd4 Qc7 19. c4 dxc4 20. Bxc4 b5 21. Bd3 Bb7 22.
Nc5 Bxc5 23. Bxc5 Rd7 24. Bc2 Rad8 25. e4 fxe4 26. Qxe4 a5 27. Rg3 a4 28. Rxg6
hxg6 29. Qxg6 Re7 30. Qh7+ Kf8 31. Bg6 1-0

[Event "XXV OOM - Mistrzostwa Polski Juniorow Mlodszych - Chlopcy do lat 12"]
[Site "Sielpia"]
[Date "1899-12-30"]
[Round "7.15"]
[White "Sniadecki, Oskar"]
[Black "Rog, Bartlomiej"]
[Result "0-1"]
[WhiteTitle "II"]
[BlackTitle "I"]
[WhiteElo "1345"]
[BlackElo "1491"]

1. d4 f5 2. c4 e6 3. Nc3 Nf6 4. Bg5 Bb4 5. e3 O-O 6. Bd3 c5 7. Nge2 h6 8. Bf4 d6
9. h4 Nh5 10. dxc5 Bxc5 11. Bc2 e5 12. Qd5+ Kh8 13. Bxe5 Nc6 14. Bd4 Nb4 15. Bxg7+
Nxg7 16. Qd2 Nxc2+ 17. Qxc2 Be6 18. Nf4 Bf7 19. O-O-O Qf6 20. Ncd5 Bxd5 21. Rxd5
Rfc8 22. h5 b5 23. Ng6+ Kg8 24. Kb1 Rab8 25. Rxc5 Rxc5 26. Qb3 Kh7 0-1

[Event "XXV OOM - Mistrzostwa Polski Juniorow Mlodszych - Chlopcy do lat 12"]
[Site "Sielpia"]
[Date "1899-12-30"]
[Round "7.16"]
[White "Dziewonski, Dariusz"]
[Black "Merecki, Antoni"]
[Result "1-0"]
[WhiteTitle "I"]
[BlackTitle "II"]
[WhiteElo "1817"]
[BlackElo "1177"]

1. c4 Nf6 2. Nf3 e6 3. g3 d5 4. Bg2 Be7 5. O-O O-O 6. b3 c5 7. Bb2 Nc6 8. e3 d4
9. exd4 cxd4 10. d3 e5 11. Re1 Bb4 12. Nbd2 Qc7 13. a3 Bxd2 14. Qxd2 h6 15. b4
Nd7 16. Qe2 f6 17. Nh4 g5 18. Bd5+ Kh7 19. Be4+ Kg7 20. Nf5+ Kg6 21. Qh5+ Kxh5
22. Ng7+ Kg4 23. f3+ Kh3 24. Bf5+ g4 25. Bxg4# 1-0

[Event "XXV OOM - Mistrzostwa Polski Juniorow Mlodszych - Chlopcy do lat 12"]
[Site "Sielpia"]
[Date "1899-12-30"]
[Round "7.17"]
[White "Rylski, Tadeusz"]
[Black "Skrzypinski, Jan"]
[Result "1-0"]
[WhiteTitle "II+"]
[BlackTitle "II+"]
[WhiteElo "1650"]
[BlackElo "1365"]

1. e4 c5 2. Nf3 a6 3. d4 cxd4 4. Nxd4 e5 5. Nf3 d6 6. Bc4 Be7 7. O-O h6 8. h3 Nf6
9. Nc3 Be6 10. Bb3 Nbd7 11. Be3 O-O 12. Nd2 Rc8 13. f4 Bxb3 14. axb3 exf4 15.
Bxf4 Ne5 16. Nf3 Qb6+ 17. Kh1 Rfd8 18. Qe2 Qc5 19. Be3 Qc7 20. Qf2 Qd7 21. Rad1
Qe8 22. Bd4 Bf8 23. Nh4 Be7 24. Nf5 Kh8 25. Ne3 Ng6 26. Ncd5 Nxd5 27. Nxd5 f6
28. c4 Ne5 29. Qg3 Bf8 30. Nf4 Kh7 31. Nd5 Kh8 32. Rf5 b5 33. c5 dxc5 34. Bxe5
fxe5 35. Rdf1 Bd6 36. Rf7 Qg8 37. Qg6 Rf8 38. Kh2 Rxf7 39. Rxf7 Rf8 40. Nf6 1-0